00353nam a2200133Ia 4500008004100000041000800041082001400049100002800063245004500091250001400136260002700150300003300177365000900210240624s9999 xx 000 0 und d aeng a658.8 SCH aSCHENCK BARBARA FINDLAY aSMALL BUSINESS MARKETING KIT FOR DUMMIES a(3rd ed.) c2012aNew DelhibWiley axviii, : 364 : p. : cm. ; 23 cb38